Business continuity management (Record no. 106683)

MARC details
000 -LEADER
fixed length control field 01542cam a2200229 4500
001 - CONTROL NUMBER
control field L137200
008 - FIXED-LENGTH DATA ELEMENTS--GENERAL INFORMATION
fixed length control field 070322s2007 xxk f 000 0 eng d
020 ## - INTERNATIONAL STANDARD BOOK NUMBER
International Standard Book Number 0859464806
035 ## - SYSTEM CONTROL NUMBER
System control number (Sirsi) u137200
041 0# - LANGUAGE CODE
Language code of text/sound track or separate title eng
110 2# - MAIN ENTRY--CORPORATE NAME
Corporate name or jurisdiction name as entry element Chartered Management Institute
9 (RLIN) 5072
245 00 - TITLE STATEMENT
Title Business continuity management
Medium [electronic resource]
260 ## - PUBLICATION, DISTRIBUTION, ETC.
Place of publication, distribution, etc. London
Name of publisher, distributor, etc. Chartered Management Institute
Date of publication, distribution, etc. 2007
505 2# - FORMATTED CONTENTS NOTE
Formatted contents note Understanding risks and potential disruption -- Potential impact of a human influenza pandemic -- Building resilience: alternative offices and remote working -- Extent of business continuity management -- Effectiveness of business continuity management -- Managing business continuity -- Recommendations
520 ## - SUMMARY, ETC.
Summary, etc. Discusses the findings of a survey regarding trends in business continuity planning. Reports that over half of the managers surveyed work in organisations where there is no specific business continuity plan in place, yet that there are signs that businesses have improved aspects of their planning. Reports that half of organisations carried out regular and thorough rehearsals and that corporate governance was identified as a key driver by 80 per cent of managers working in listed companies.
590 ## - LOCAL NOTE (RLIN)
Local note KA
651 #4 - SUBJECT ADDED ENTRY--GEOGRAPHIC NAME
Geographic name United Kingdom
Chronological subdivision
690 ## - LOCAL SUBJECT ADDED ENTRY--TOPICAL TERM (OCLC, RLIN)
Topical term or geographic name as entry element MANAGEMENT-BUSINESS MANAGEMENT
690 ## - LOCAL SUBJECT ADDED ENTRY--TOPICAL TERM (OCLC, RLIN)
Topical term or geographic name as entry element MANAGEMENT-HEALTH AND SAFETY-HEALTH AND SAFETY RISK MANAGEMENT
856 48 - ELECTRONIC LOCATION AND ACCESS
Uniform Resource Identifier <a href="https://www.ukresilience.info/publications.aspx">https://www.ukresilience.info/publications.aspx</a>
Public note View the item free of charge at www.ukresilience.info...
942 ## - ADDED ENTRY ELEMENTS (KOHA)
Suppress in OPAC 0
Holdings
Withdrawn status Lost status Source of classification or shelving scheme Damaged status Not for loan Home library Current library Shelving location Date acquired Total Checkouts Full call number Barcode Date last seen Copy number Price effective from Koha item type
    Dewey Decimal Classification     Virtual Virtual Online 22/03/2007   ONLINE PUBLICATION 137200-1001 06/08/2019 1 06/08/2019 Book